MARC details
| 000 -LEADER |
| fixed length control field |
00869cam a2200277 4500 |
| 001 - CONTROL NUMBER |
| control field |
ABS64001 |
| 008 - FIXED-LENGTH DATA ELEMENTS--GENERAL INFORMATION |
| fixed length control field |
000000n2001 000 0 eng u |
| 035 ## - SYSTEM CONTROL NUMBER |
| System control number |
(Sirsi) u112745 |
| 245 ## - TITLE STATEMENT |
| Title |
Benelux |
| 260 ## - PUBLICATION, DISTRIBUTION, ETC. |
| Date of publication, distribution, etc. |
2001 |
| 490 ## - SERIES STATEMENT |
| Series statement |
EuroProperty |
| Volume/sequential designation |
May 2001, 41-49(7) |
| 520 ## - SUMMARY, ETC. |
| Summary, etc. |
Special feature comparing the commercial property markets of the three Benelux countries; Belgium, Luxembourg, and the Netherlands. Graphs. Tables. |
| 590 ## - LOCAL NOTE (RLIN) |
| Local note |
ABS |
| 650 ## - SUBJECT ADDED ENTRY--TOPICAL TERM |
| Topical term or geographic name entry element |
BENELUX |
| 650 ## - SUBJECT ADDED ENTRY--TOPICAL TERM |
| Topical term or geographic name entry element |
LUXEMBOURG |
| 650 ## - SUBJECT ADDED ENTRY--TOPICAL TERM |
| Topical term or geographic name entry element |
BELGIUM |
| 650 ## - SUBJECT ADDED ENTRY--TOPICAL TERM |
| Topical term or geographic name entry element |
PLANNING ISSUES |
| 650 ## - SUBJECT ADDED ENTRY--TOPICAL TERM |
| Topical term or geographic name entry element |
PROPERTY-COMMERCIAL PROPERTY-OFFICE PROPERTY-OFFICE PROPERTY MARKET |
| 650 ## - SUBJECT ADDED ENTRY--TOPICAL TERM |
| Topical term or geographic name entry element |
INVESTMENT MARKET |
| 650 ## - SUBJECT ADDED ENTRY--TOPICAL TERM |
| Topical term or geographic name entry element |
BRUSSELS |
| 650 ## - SUBJECT ADDED ENTRY--TOPICAL TERM |
| Topical term or geographic name entry element |
NETHERLANDS |
| 650 ## - SUBJECT ADDED ENTRY--TOPICAL TERM |
| Topical term or geographic name entry element |
PROPERTY-COMMERCIAL PROPERTY-COMMERCIAL PROPERTY MARKET |
| 650 ## - SUBJECT ADDED ENTRY--TOPICAL TERM |
| Topical term or geographic name entry element |
EUROPE |
| 690 ## - LOCAL SUBJECT ADDED ENTRY--TOPICAL TERM (OCLC, RLIN) |
| Topical term or geographic name as entry element |
INTERNATIONAL-EUROPE |
| 942 ## - ADDED ENTRY ELEMENTS (KOHA) |
| Suppress in OPAC |
0 |